|
|
|
|
| LEADER |
00000nam a22000007a 4500 |
| 005 |
20200309225546.0 |
| 007 |
cr|||| |||| |
| 008 |
200309s2010 co |||||s|||| 00||0 spa d |
| 020 |
|
|
|a 978-958-9348-45-1
|
| 035 |
|
|
|a 31186
|
| 040 |
|
|
|a vLex
|
| 090 |
|
|
|c 10210
|d 10210
|
| 100 |
1 |
|
|a Galln̤ Giraldo, Gustavo
|
| 245 |
1 |
0 |
|a Cuaderno de anotaciones
|h [Recurso electrn̤ico] :
|b elementos para exigir nuestros derechos /
|c Gustavo Galln̤ Giraldo, Ana Mara̕ Da̕z, Lucia B. Pfizenmaier
|
| 256 |
|
|
|a Servicio en ln̕ea
|
| 260 |
|
|
|a Bogot:̀
|b Comisin̤ Colombiana de Juristas,
|c 2010
|
| 300 |
|
|
|a 1 recurso electrn̤ico
|
| 506 |
1 |
|
|a Disponible solo en los productos indicados
|d vLex Global
|d vLex Global (Academic Edition, excluding Law Schools)
|d vLex Global (U.S. Academic Edition, Law Schools)
|d vLex Global (U.S. Academic Edition, excluding Law Schools)
|d vLex Global (Academic Edition, Law Schools)
|
| 650 |
0 |
4 |
|a Derecho Pb︢lico y Administrativo
|z Colombia
|
| 700 |
1 |
|
|a Da̕z, Ana Mara̕
|
| 700 |
1 |
|
|a Pfizenmaier, Lucia B.
|
| 740 |
0 |
|
|a vLex Libros (Servicio en ln̕ea)
|
| 856 |
4 |
0 |
|u http://vlex.com/source/978-958-9348-45-1-31186
|z Acceso restringido
|
| 942 |
|
|
|c BOOK
|
| 999 |
0 |
|
|a Public and Administrative Law
|